[Event "14. Torneo Almansa 2019 Grupo B"]
[Site "Almansa ESP"]
[Date "2019.08.09"]
[Round "5.3"]
[White "Ramos Saavedra, Mario"]
[Black "Perez Fernandez, Jose Vicente"]
[Result "1-0"]
[WhiteElo "1908"]
[BlackElo "1733"]
[PlyCount "79"]
[EventDate "2019.08.07"]
[EventType "swiss"]
[EventRounds "7"]
[EventCountry "ESP"]
[SourceTitle "Ajedrez en Madrid"]
[Source "lmi"]
[SourceDate "2019.08.07"]
[SourceVersion "1"]
[SourceVersionDate "2019.08.11"]
[SourceQuality "1"]

1. e4 g6 2. d4 Bg7 3. Nc3 c6 4. Bc4 d5 5. exd5 b5 6. Bd3 b4 7. Nce2 cxd5 8. h3
Nf6 9. a3 bxa3 10. Rxa3 O-O 11. Nf3 Nbd7 12. O-O Nb6 13. b3 Bb7 14. Bf4 Qc8 15.
Qa1 a6 16. Qa2 Ne4 17. Ra1 Nc3 18. Nxc3 Qxc3 19. Bd2 Qc7 20. Ra5 Rfe8 21. c3 f6
22. Bxa6 Bxa6 23. Rxa6 Rxa6 24. Qxa6 Ra8 25. Qf1 Rxa1 26. Qxa1 e5 27. Qa5 e4
28. Nh2 f5 29. Qb5 Kf7 30. g3 Bf8 31. Bf4 Bd6 32. Bxd6 Qxd6 33. Nf1 g5 34. c4
dxc4 35. Qxf5+ Qf6 36. Qxh7+ Kf8 37. Qxe4 cxb3 38. Qd3 Qe6 39. Ne3 b2 40. Qa3+
1-0

[Event "14. Torneo Almansa 2019 Grupo B"]
[Site "Almansa ESP"]
[Date "2019.08.09"]
[Round "5.4"]
[White "Diaz Rodriguez, Jose Antonio"]
[Black "Pujante Martinez, Rafael"]
[Result "0-1"]
[WhiteElo "1979"]
[BlackElo "1846"]
[PlyCount "62"]
[EventDate "2019.08.07"]
[EventType "swiss"]
[EventRounds "7"]
[EventCountry "ESP"]
[SourceTitle "Ajedrez en Madrid"]
[Source "lmi"]
[SourceDate "2019.08.07"]
[SourceVersion "1"]
[SourceVersionDate "2019.08.11"]
[SourceQuality "1"]

1. e4 e6 2. d4 d5 3. exd5 exd5 4. Bd3 Bd6 5. Nf3 Nf6 6. O-O O-O 7. Bg5 Bg4 8.
h3 Bh5 9. Nbd2 Nbd7 10. c3 c6 11. Qc2 Bg6 12. Bxg6 hxg6 13. Rfe1 Qc7 14. Bxf6
gxf6 15. Nf1 Rfe8 16. Ne3 Nf8 17. Ng4 Kg7 18. g3 Ne6 19. Qd2 Rh8 20. Kg2 Rh5
21. Re2 Rah8 22. h4 Qd7 23. Ne3 Ng5 24. Nxg5 fxg5 25. Rg1 gxh4 26. gxh4 Rg5+
27. Kf1 Rxg1+ 28. Kxg1 Qh3 29. f3 Rxh4 30. Rg2 Qxf3 31. Qe1 Re4 0-1

[Event "14. Torneo Almansa 2019 Grupo B"]
[Site "Almansa ESP"]
[Date "2019.08.09"]
[Round "5.5"]
[White "Diez Machin, Vicente"]
[Black "Martinez Sanchez, Gregorio"]
[Result "1/2-1/2"]
[WhiteElo "1819"]
[BlackElo "1979"]
[PlyCount "124"]
[EventDate "2019.08.07"]
[EventType "swiss"]
[EventRounds "7"]
[EventCountry "ESP"]
[SourceTitle "Ajedrez en Madrid"]
[Source "lmi"]
[SourceDate "2019.08.07"]
[SourceVersion "1"]
[SourceVersionDate "2019.08.11"]
[SourceQuality "1"]

1. e4 c5 2. Nf3 e6 3. d4 cxd4 4. Nxd4 Nf6 5. Nc3 Bb4 6. e5 Nd5 7. Qg4 Nxc3 8.
a3 Bf8 9. bxc3 a6 10. Bd3 Qc7 11. O-O Qxc3 12. Be3 Nc6 13. Nxc6 Qxc6 14. Be4
Qc7 15. Rab1 g6 16. Qf3 Bg7 17. Bb6 Qxe5 18. Bxb7 Rb8 19. Ba7 Bxb7 20. Bxb8
Bxf3 21. Bxe5 Bxe5 22. Rfe1 Bd6 23. gxf3 Ke7 24. Re3 Rc8 25. Rb2 Rc4 26. Re4
Rc3 27. a4 Rxf3 28. Kg2 Rc3 29. Rh4 h5 30. Kf1 a5 31. Ke2 Bb4 32. Kd1 Rf3 33.
Ke2 Rc3 34. Kd1 Ra3 35. Ke2 Rxa4 36. c3 Bxc3 37. Rxa4 Bxb2 38. Rxa5 d5 39. Rb5
Be5 40. h3 Kf6 41. Rb7 g5 42. f3 Kg6 43. Re7 Kf6 44. Rb7 Bf4 45. Rd7 Kg6 46.
Re7 Be5 47. Kd3 Kg7 48. Rd7 Kf8 49. Ra7 f5 50. Rh7 h4 51. Ke2 Bg7 52. Rh5 Bf6
53. Rh7 d4 54. Kd3 Be7 55. Kxd4 Bf6+ 56. Kd3 Be5 57. Rh5 Bf6 58. Rh7 Be5 59.
Kc4 Bg7 60. Rh5 Bf6 61. Rh7 Bg7 62. Rh5 Bf6 1/2-1/2

[Event "14. Torneo Almansa 2019 Grupo B"]
[Site "Almansa ESP"]
[Date "2019.08.09"]
[Round "6.1"]
[White "Perez Garcia, Jose Miguel"]
[Black "Santa Puche, Pedro Jose"]
[Result "1-0"]
[WhiteElo "1904"]
[BlackElo "1970"]
[PlyCount "71"]
[EventDate "2019.08.07"]
[EventType "swiss"]
[EventRounds "7"]
[EventCountry "ESP"]
[SourceTitle "Ajedrez en Madrid"]
[Source "lmi"]
[SourceDate "2019.08.07"]
[SourceVersion "1"]
[SourceVersionDate "2019.08.11"]
[SourceQuality "1"]

1. Nf3 Nf6 2. c4 e6 3. g3 d5 4. Bg2 Be7 5. O-O O-O 6. d4 Ne4 7. Qc2 c6 8. Rd1
f5 9. b3 Bd7 10. Ne5 Nd6 11. Nc3 Be8 12. f3 Nd7 13. c5 Nf7 14. Nxd7 Qxd7 15.
Be3 e5 16. Bh3 g6 17. dxe5 Nxe5 18. Bg2 g5 19. Bd4 Qe6 20. e3 Bh5 21. Rf1 f4
22. exf4 gxf4 23. Qe2 Bf6 24. Kh1 Bf7 25. Rae1 Rae8 26. Qd2 Qf5 27. gxf4 Ng6
28. Ne2 Bh4 29. Ng3 Qxf4 30. Be3 Rxe3 31. Qxe3 Bxg3 32. hxg3 Qxg3 33. f4 Qh4+
34. Qh3 Qf6 35. f5 Ne5 36. Qg3+ 1-0

[Event "14. Torneo Almansa 2019 Grupo B"]
[Site "Almansa ESP"]
[Date "2019.08.09"]
[Round "6.2"]
[White "Moya Albaladejo, Jose Antonio"]
[Black "Ramos Saavedra, Mario"]
[Result "1/2-1/2"]
[WhiteElo "1921"]
[BlackElo "1908"]
[PlyCount "52"]
[EventDate "2019.08.07"]
[EventType "swiss"]
[EventRounds "7"]
[EventCountry "ESP"]
[SourceTitle "Ajedrez en Madrid"]
[Source "lmi"]
[SourceDate "2019.08.07"]
[SourceVersion "1"]
[SourceVersionDate "2019.08.11"]
[SourceQuality "1"]

1. e4 c5 2. Nf3 d6 3. d4 cxd4 4. Nxd4 Nf6 5. Nc3 g6 6. f4 Nbd7 7. Be2 Bg7 8.
O-O O-O 9. Be3 a6 10. Bf3 e5 11. Nde2 exf4 12. Nxf4 Ne5 13. Nfd5 Nxf3+ 14. Qxf3
Nxd5 15. Nxd5 Be6 16. c3 Bxd5 17. exd5 Qd7 18. Rf2 Rac8 19. Raf1 f5 20. Re2
Rfe8 21. Rfe1 Re7 22. Bg5 Rxe2 23. Qxe2 h6 24. Bh4 Be5 25. Qd2 g5 26. Bf2 Re8
1/2-1/2

[Event "14. Torneo Almansa 2019 Grupo B"]
[Site "Almansa ESP"]
[Date "2019.08.09"]
[Round "6.3"]
[White "Tarraga Navarro, Pablo"]
[Black "Amoros Moran, Jose Joaquin"]
[Result "1-0"]
[WhiteElo "1963"]
[BlackElo "1895"]
[PlyCount "111"]
[EventDate "2019.08.07"]
[EventType "swiss"]
[EventRounds "7"]
[EventCountry "ESP"]
[SourceTitle "Ajedrez en Madrid"]
[Source "lmi"]
[SourceDate "2019.08.07"]
[SourceVersion "1"]
[SourceVersionDate "2019.08.11"]
[SourceQuality "1"]

1. e4 c5 2. Nc3 Nc6 3. g3 g6 4. Bg2 Bg7 5. d3 e6 6. Be3 d6 7. Qd2 Rb8 8. a4 b6
9. Nge2 Nd4 10. Bxd4 cxd4 11. Nb5 e5 12. Qb4 Bf8 13. Nxa7 Bd7 14. Nb5 Be6 15.
Qd2 Bh6 16. f4 Nf6 17. c3 dxc3 18. Nbxc3 Qd7 19. h3 O-O 20. d4 exf4 21. d5 f3
22. Qxh6 fxg2 23. Rh2 Qb7 24. Rxg2 Bd7 25. Rf2 Ne8 26. Nd4 Qc8 27. Nf3 f5 28.
exf5 gxf5 29. Re2 Qd8 30. Qg5+ Qxg5 31. Nxg5 h6 32. Ne6 Rf6 33. Nf4 Rf7 34. Kf2
Nc7 35. Re3 Ra8 36. Ree1 Re8 37. Rxe8+ Bxe8 38. b4 Na6 39. b5 Nc5 40. Ne6 Ne4+
41. Nxe4 fxe4+ 42. Ke2 Bd7 43. Nd4 Bxh3 44. Rh1 Bg4+ 45. Ke3 h5 46. Kxe4 Rf2
47. Ra1 Rg2 48. Ra3 Rb2 49. a5 bxa5 50. Rxa5 Kf7 51. Ra7+ Kf6 52. Ra6 Ke7 53.
b6 Rb1 54. Ra7+ Kf6 55. b7 Bh3 56. Nc6 1-0

[Event "14. Torneo Almansa 2019 Grupo B"]
[Site "Almansa ESP"]
[Date "2019.08.09"]
[Round "6.4"]
[White "Pujante Martinez, Rafael"]
[Black "Reig Albero, Ferran"]
[Result "0-1"]
[WhiteElo "1846"]
[BlackElo "1948"]
[PlyCount "52"]
[EventDate "2019.08.07"]
[EventType "swiss"]
[EventRounds "7"]
[EventCountry "ESP"]
[SourceTitle "Ajedrez en Madrid"]
[Source "lmi"]
[SourceDate "2019.08.07"]
[SourceVersion "1"]
[SourceVersionDate "2019.08.11"]
[SourceQuality "1"]

1. e4 c5 2. Nc3 d6 3. Nge2 Nf6 4. d4 cxd4 5. Nxd4 Nc6 6. Bg5 e6 7. Qd2 Be7 8.
O-O-O O-O 9. f4 Nxd4 10. Qxd4 Qa5 11. Qd2 Rd8 12. Bd3 Bd7 13. Qe1 e5 14. f5 Bc6
15. Kb1 Qc7 16. Bxf6 Bxf6 17. Nd5 Bxd5 18. exd5 e4 19. Bxe4 Re8 20. Rd3 Re7 21.
Re3 Rae8 22. Re2 Qc4 23. b3 Qc3 24. Qxc3 Bxc3 25. Re3 Bd4 26. f6 Rxe4 0-1

[Event "14. Torneo Almansa 2019 Grupo B"]
[Site "Almansa ESP"]
[Date "2019.08.09"]
[Round "6.5"]
[White "Hernandez Torralba, Sergio"]
[Black "Sempere Domenech, Abel"]
[Result "1/2-1/2"]
[WhiteElo "1856"]
[BlackElo "1853"]
[PlyCount "41"]
[EventDate "2019.08.07"]
[EventType "swiss"]
[EventRounds "7"]
[EventCountry "ESP"]
[SourceTitle "Ajedrez en Madrid"]
[Source "lmi"]
[SourceDate "2019.08.07"]
[SourceVersion "1"]
[SourceVersionDate "2019.08.11"]
[SourceQuality "1"]

1. e4 e6 2. d4 d5 3. Nd2 dxe4 4. Nxe4 Nf6 5. Bd3 Nbd7 6. Nf3 Nxe4 7. Bxe4 Nf6
8. Bd3 Be7 9. Qe2 b6 10. Bb5+ Bd7 11. Ne5 O-O 12. Nxd7 Nxd7 13. O-O Nf6 14. Rd1
Qd6 15. Bd3 c6 16. Qf3 Qd5 17. Qh3 Qh5 18. Qxh5 Nxh5 19. Be4 Rac8 20. Bf3 Nf6
21. Bf4 1/2-1/2

[Event "14. Torneo Almansa 2019 Grupo B"]
[Site "Almansa ESP"]
[Date "2019.08.10"]
[Round "7.1"]
[White "Reig Albero, Ferran"]
[Black "Perez Garcia, Jose Miguel"]
[Result "1-0"]
[WhiteElo "1948"]
[BlackElo "1904"]
[PlyCount "79"]
[EventDate "2019.08.07"]
[EventType "swiss"]
[EventRounds "7"]
[EventCountry "ESP"]
[SourceTitle "Ajedrez en Madrid"]
[Source "lmi"]
[SourceDate "2019.08.07"]
[SourceVersion "1"]
[SourceVersionDate "2019.08.11"]
[SourceQuality "1"]

1. e4 c5 2. Nf3 e6 3. d4 cxd4 4. Nxd4 a6 5. Nc3 Qc7 6. Bd3 Nc6 7. Be3 Nf6 8.
O-O h5 9. h3 Be7 10. Qe2 b5 11. f4 Nxd4 12. Bxd4 Bc5 13. Bxc5 Qxc5+ 14. Kh1 h4
15. e5 Nh5 16. Ne4 Qb6 17. Qg4 Ng3+ 18. Nxg3 hxg3 19. Qxg3 Bb7 20. Rae1 Rc8 21.
f5 Qd4 22. Kh2 Qh4 23. Qxg7 Bd5 24. b3 Rc3 25. Re2 exf5 26. e6 fxe6 27. Qxc3
Bxg2 28. Rxg2 Qxh3+ 29. Kg1 Qh1+ 30. Kf2 Qh4+ 31. Ke2 Qh5+ 32. Kd2 Qh6+ 33. Kd1
Qh5+ 34. Kc1 Qh3 35. Rfg1 Qe3+ 36. Kb2 Rh7 37. Rg8+ Ke7 38. R1g7+ Rxg7 39.
Rxg7+ Kd6 40. b4 1-0

[Event "14. Torneo Almansa 2019 Grupo B"]
[Site "Almansa ESP"]
[Date "2019.08.10"]
[Round "7.2"]
[White "Ramos Saavedra, Mario"]
[Black "Tarraga Navarro, Pablo"]
[Result "1/2-1/2"]
[WhiteElo "1908"]
[BlackElo "1963"]
[PlyCount "34"]
[EventDate "2019.08.07"]
[EventType "swiss"]
[EventRounds "7"]
[EventCountry "ESP"]
[SourceTitle "Ajedrez en Madrid"]
[Source "lmi"]
[SourceDate "2019.08.07"]
[SourceVersion "1"]
[SourceVersionDate "2019.08.11"]
[SourceQuality "1"]

1. e4 e6 2. d4 d5 3. exd5 exd5 4. Bd3 Bd6 5. Nf3 Nf6 6. O-O O-O 7. c3 Bg4 8.
Bg5 Nbd7 9. Nbd2 c6 10. h3 Bh5 11. Re1 Qc7 12. Qc2 Bg6 13. a4 Rfe8 14. Bxg6
hxg6 15. Rxe8+ Rxe8 16. Re1 Rxe1+ 17. Nxe1 Bf4 1/2-1/2

[Event "14. Torneo Almansa 2019 Grupo B"]
[Site "Almansa ESP"]
[Date "2019.08.10"]
[Round "7.3"]
[White "Santa Puche, Pedro Jose"]
[Black "Moya Albaladejo, Jose Antonio"]
[Result "1/2-1/2"]
[WhiteElo "1970"]
[BlackElo "1921"]
[PlyCount "60"]
[EventDate "2019.08.07"]
[EventType "swiss"]
[EventRounds "7"]
[EventCountry "ESP"]
[SourceTitle "Ajedrez en Madrid"]
[Source "lmi"]
[SourceDate "2019.08.07"]
[SourceVersion "1"]
[SourceVersionDate "2019.08.11"]
[SourceQuality "1"]

1. e4 e5 2. Nf3 Nc6 3. d4 exd4 4. Bc4 Bc5 5. c3 Nf6 6. e5 d5 7. Bb5 Ne4 8. Nxd4
Bd7 9. Bxc6 bxc6 10. O-O O-O 11. f3 Ng5 12. f4 Ne4 13. Be3 Bb6 14. Nd2 Nxd2 15.
Qxd2 f6 16. e6 Bxd4 17. Bxd4 Bxe6 18. f5 Bd7 19. Rf3 Re8 20. Qf2 a5 21. g4 Re4
22. h3 Qe7 23. Re3 Re8 24. Rae1 Qf7 25. Qf3 a4 26. a3 Rxe3 27. Rxe3 Rxe3 28.
Qxe3 h5 29. Kf2 hxg4 30. hxg4 g6 1/2-1/2

[Event "14. Torneo Almansa 2019 Grupo B"]
[Site "Almansa ESP"]
[Date "2019.08.10"]
[Round "7.4"]
[White "Diez Machin, Vicente"]
[Black "Gurrutxaga Telleria, Jose Luis"]
[Result "0-1"]
[WhiteElo "1819"]
[BlackElo "1957"]
[PlyCount "90"]
[EventDate "2019.08.07"]
[EventType "swiss"]
[EventRounds "7"]
[EventCountry "ESP"]
[SourceTitle "Ajedrez en Madrid"]
[Source "lmi"]
[SourceDate "2019.08.07"]
[SourceVersion "1"]
[SourceVersionDate "2019.08.11"]
[SourceQuality "1"]

1. e4 c5 2. Nf3 Nc6 3. d4 cxd4 4. Nxd4 Nf6 5. Nc3 d6 6. Bg5 e6 7. Qd2 a6 8.
O-O-O Bd7 9. Bxf6 Qxf6 10. f4 Qxd4 11. Qxd4 Nxd4 12. Rxd4 Be7 13. Be2 Bc6 14.
Bf3 O-O-O 15. Rhd1 Kc7 16. a4 h5 17. a5 g5 18. g3 h4 19. Rc4 Kb8 20. Rd3 hxg3
21. hxg3 Rh3 22. Bg2 Rh2 23. Bf3 Rdh8 24. f5 Rf2 25. Nd1 Rf1 26. Rb3 Ka7 27.
Rd4 exf5 28. Be2 Re1 29. Kd2 Rhh1 30. Nf2 Rhg1 31. Nh3 Rh1 32. Bf3 fxe4 33.
Bxh1 Rxh1 34. Nf2 Rh2 35. Ke2 d5 36. Rc3 Bf6 37. Rd1 Bb5+ 38. Ke1 Bxc3+ 39.
bxc3 e3 40. Nd3 Rxc2 41. Nb4 Re2+ 42. Kf1 Rd2+ 43. Ke1 Rh2 44. Rd3 Bxd3 45.
Nxd3 f5 0-1

[Event "14. Torneo Almansa 2019 Grupo B"]
[Site "Almansa ESP"]
[Date "2019.08.10"]
[Round "7.5"]
[White "Manzano Garcia, Manuel"]
[Black "Hernandez Torralba, Sergio"]
[Result "1-0"]
[WhiteElo "1771"]
[BlackElo "1856"]
[PlyCount "119"]
[EventDate "2019.08.07"]
[EventType "swiss"]
[EventRounds "7"]
[EventCountry "ESP"]
[SourceTitle "Ajedrez en Madrid"]
[Source "lmi"]
[SourceDate "2019.08.07"]
[SourceVersion "1"]
[SourceVersionDate "2019.08.11"]
[SourceQuality "1"]

1. e4 c5 2. Nf3 g6 3. d4 cxd4 4. Nxd4 Bg7 5. Be3 Nc6 6. Nc3 Nf6 7. h3 O-O 8.
Bc4 d6 9. O-O a6 10. a4 Qc7 11. Nxc6 bxc6 12. f3 Rb8 13. a5 Bb7 14. Qe2 d5 15.
Bb6 Qc8 16. exd5 cxd5 17. Bd3 Re8 18. Na4 Nd7 19. Bf2 Ne5 20. Nb6 Qc6 21. Bxa6
Bxa6 22. Qxa6 Nc4 23. b4 Ra8 24. b5 Nxb6 25. bxc6 Rxa6 26. Bxb6 Bxa1 27. Rxa1
Rc8 28. c7 e6 29. Rd1 Raa8 30. c4 dxc4 31. Rd8+ Kg7 32. Rd4 c3 33. Rc4 Kf6 34.
Rxc3 Ke7 35. Rd3 h5 36. Kf2 Kf6 37. Ke3 Ke7 38. Kf4 Kf6 39. Ke4 Ke7 40. Rd2 f6
41. Rd3 Ra6 42. Ke3 Raa8 43. Kd2 Ke8 44. Kc3 g5 45. Kc4 Ke7 46. Kc5 g4 47. Kc6
e5 48. hxg4 hxg4 49. Rd7+ Ke6 50. Rg7 gxf3 51. gxf3 Rh8 52. Rd7 Rhc8 53. Rd2
Ke7 54. Kb7 f5 55. Rd8 Rxd8 56. cxd8=Q+ Rxd8 57. Bxd8+ Kxd8 58. a6 e4 59. fxe4
fxe4 60. a7 1-0